El Psicólogo ante los problemas de la psiquiatría / (Record no. 61200)

MARC details
000 -LEADER
fixed length control field 00621nam a22001937a 4500
005 - DATE AND TIME OF LATEST TRANSACTION
control field 20170530135518.0
008 - FIXED-LENGTH DATA ELEMENTS--GENERAL INFORMATION
fixed length control field 140623t mxu||||| |||| 00| 0 spa d
050 #4 - LIBRARY OF CONGRESS CALL NUMBER
Classification number BF175
Item number G46 1955
100 1# - MAIN ENTRY--PERSONAL NAME
Personal name Gemelli, Agostino
245 13 - TITLE STATEMENT
Title El Psicólogo ante los problemas de la psiquiatría /
Statement of responsibility, etc Robles, Oswaldo tr.
250 ## - EDITION STATEMENT
Edition statement 1a ed.
260 ## - PUBLICATION, DISTRIBUTION, ETC. (IMPRINT)
Place of publication, distribution, etc Mexico:
Name of publisher, distributor, etc UNAM;
Date of publication, distribution, etc 1955
300 ## - PHYSICAL DESCRIPTION
Extent 95 p. ;
Dimensions 18 cm.
490 ## - SERIES STATEMENT
Series statement Filosofia y Letras ;
Volume number/sequential designation no. 2
504 ## - BIBLIOGRAPHY, ETC. NOTE
Bibliography, etc Inlcuye bibliografias
650 #4 - SUBJECT ADDED ENTRY--TOPICAL TERM
Topical term or geographic name as entry element Psicologia Patologica
General subdivision Psiquiatria--Discursos, ensayos, conferencias
700 ## - ADDED ENTRY--PERSONAL NAME
Personal name Robles, Oswaldo tr.
942 ## - ADDED ENTRY ELEMENTS (KOHA)
Source of classification or shelving scheme Clasificación Decimal Dewey
Koha item type Libro
Holdings
Estado de pérdida Fuente de clasificación Estado del daño No para préstamo Ubicación permanente Ubicación actual Apartado o colección Fecha de adquisición Fuente de adquisición Edición Dependencia de educación superior (DES) Área del conocimiento Clasificación Código de Barras Date last seen Número de copia Tipo de recurso
  Biblioteca del Cogreso de los Estados Unidos     Biblioteca de la Facultad de Filosofía Biblioteca de la Facultad de Filosofía General 23/06/2014 Unidad Académica Genérico 1a ed Humanidades Educación y Humanidades BF175 G46 1955 BFF000007222 16/01/2015 C:1 Libro